Тот свет | Красная шляпа (Запись № 458547)

Подробности
000 -МАРКЕР
контрольное поле 00962nam0a2200313 4500
001 - ИДЕНТИФИКАТОР ЗАПИСИ
контрольное поле RU\NLR\bibl\84237
005 - ИДЕНТИФИКАТОР ВЕРСИИ
контрольное поле 20260405182508.0
010 ## - МЕЖДУНАРОДНЫЙ СТАНДАРТНЫЙ НОМЕР КНИГИ (ISBN)
Номер (ISBN) 5-7654-0467-7
010 ## - МЕЖДУНАРОДНЫЙ СТАНДАРТНЫЙ НОМЕР КНИГИ (ISBN)
Номер (ISBN) 5-224-00543-4
Тираж 5000
021 ## - НОМЕР ГОСУДАРСТВЕННОЙ РЕГИСТРАЦИИ
Код страны Российская Федерация
Номер 2000-3941
Номер Листа государственной регистраци 195
035 ## - ДРУГИЕ СИСТЕМНЫЕ НОМЕРА
Идентификатор записи (NLR Aleph) 000082275
100 ## - ДАННЫЕ ОБЩЕЙ ОБРАБОТКИ
Данные общей обработки 20000505d2000 |||y0rusy50 ca
101 0# - ЯЗЫК РЕСУРСА
Язык текста, звукозаписи и т.д. русский
102 ## - СТРАНА ПУБЛИКАЦИИ ИЛИ ПРОИЗВОДСТВА
Страна публикации Российская Федерация
105 ## - ПОЛЕ КОДИРОВАННЫХ ДАННЫХ: ТЕКСТОВЫЕ МАТЕРИАЛЫ, МОНОГРАФИЧЕСКИЕ
Кодированные данные о монографическом текстовом документе a |||||||a|
200 1# - ЗАГЛАВИЕ И СВЕДЕНИЯ ОБ ОТВЕТСТВЕННОСТИ
Основное заглавие Тот свет
Сведения, относящиеся к заглавию Роман
Основное заглавие Красная шляпа
Сведения, относящиеся к заглавию Повесть
Первые сведения об ответственности Нина Катерли
210 ## - ПУБЛИКАЦИЯ, РАСПРОСТРАНЕНИЕ И ДР.
Место издания, распространения и т.д. СПб.
Имя издателя, распространителя и т. д. Нева
Место издания, распространения и т.д. М.
Имя издателя, распространителя и т. д. ОЛМА-Пресс
Дата издания, распространения и т.д. 2000
215 ## - ФИЗИЧЕСКАЯ ХАРАКТЕРИСТИКА
Специфическое обозначение материала и объем 381, [2] c.
Размеры 21
225 1# - СЕРИЯ
Основное заглавие серии Имена
686 ## - ИНДЕКСЫ ДРУГИХ КЛАССИФИКАЦИЙ
Индекс Ш6(2=Р)75-440.4
700 #1 - ИМЯ ЛИЦА - ПЕРВИЧНАЯ ОТВЕТСТВЕННОСТЬ
Код отношения Автор
Начальный элемент ввода Катерли
Часть имени, кроме начального элемента ввода Н.С.
Даты 1934-
Расширение инициалов личного имени Нина Семеновна
Идентификатор авторитетной/нормативной записи RU\NLR\auth\7779214
Системный номер авторитетной/нормативной записи 62142
801 #0 - ИСТОЧНИК ЗАПИСИ
Страна Российская Федерация
Организация NLR
Дата составления 20000505
Правила каталогизации PSBO
801 #1 - ИСТОЧНИК ЗАПИСИ
Страна Российская Федерация
Организация NLR
Дата составления 20000505
852 ## - МЕСТОНАХОЖДЕНИЕ И ШИФР ХРАНЕНИЯ
Идентификатор организации NLR
Шифр хранения (Call Number) 2000-3/2153
942 ## - ДОПОЛНИТЕЛЬНЫЕ ЭЛЕМЕНТЫ ЗАПИСИ (АБИС)
Тип экземпляра АБИС Книга
980 ## - КОЛЛЕКЦИЯ
Название коллекции Национальная библиография
Экземпляры
Тип экземпляра Дата поступления Источник поступления Библиотека постоянного хранения Библиотека текущего хранения Место хранения Шифр хранения Штрих-код Статус экземпляра
Книга 08.11.2004 Подсобные фонды РНБ РНБ (Садовая) РНБ (Садовая) Фонд научного зала литературы и искусства Л2 Ш6(2=Р)7/К-293 1-218075  
Книга 05.05.2000 Обязательный экземпляр РНБ (Садовая) РНБ (Садовая) Русский книжный фонд -Главное здание, Ленинский читальный зал Л2 Ш6(2=Р)7/К-293 28819  
Книга 05.05.2000 Обязательный экземпляр РНБ (Садовая) РНБ (Садовая) Русский книжный фонд -Главное здание, Ленинский читальный зал Л2 Ш6(2=Р)7/К-293 28820  
Книга 15.05.2005 Покупка РНБ (Фонтанка) РНБ (Фонтанка) Юношеский читальный зал Ю С/К-29 1-349699